| 000 | 00338nam a22001337a 4500 | ||
|---|---|---|---|
| 008 | 181106b xxu||||| |||| 00| 0 eng d | ||
| 020 | _a9780205159291 | ||
| 041 | _aeng | ||
| 080 |
_23 th _a316 |
||
| 100 | _a49 | ||
| 101 | _aSOC | ||
| 245 |
_aHuman Behavior Social Environment Social Systems Theory _cNorlin.J.M |
||
| 942 |
_2udc _cBK |
||
| 999 |
_c51932 _d51932 |
||